00973cam a2200181 a 450000100100000000500170001000800410002704000250006808200190009310000340011224500620014626000460020830000360025450004430029065000250073365000150075870000180077300000164520200929145640.0840608s1974 xxud 000 0 spa d aDO-SdBNPbspacBNPHU a512.922bA425t1 aAllen, Edward Switzer,d1887-10aTablas matemáticas con seis decimales /cAllen, Baldor. a[Nueva York] :b[Minerva Books],c[1974]. a239 p. :bil., tablas ;c19 cm. aTablas de cuadrados, cubos, raíces cuadradas, raíces cúbicas, potencias y raíces quintas, circunferencias y áreas de círculos, logaritmos comunes de los números y de las funciones trigonométricas, funciones trigonométricas naturales, logaritmos naturales, exponenciales y funciones hiperbólicas, tablas para el cálculo de errores, curvas y superficies, integrales elípticas e integrales y constantes más usuales. 4aTablas matemáticas 4aLogaritmos1 aBaldor, F. J.